Methods for the economic evaluation of health care programmes /

Guardado en:
Detalles Bibliográficos
Otros Autores: Drummond, Michael, O'Brien J. Bernie, Stoddart L. Greg, Torrance George, W., Sculpher, J. Mark
Formato: Libro
Publicado: Oxford ; Oxford University Press, c2005.
Edición:3rd ed.
Colección:Oxford medical publications
Materias:
Etiquetas: Agregar Etiqueta
Sin Etiquetas, Sea el primero en etiquetar este registro!

MARC

LEADER 00000cam a22000004a 4500
020 |a 9780198529453  |c TZS 72721.908 
040 |a MUL  |b eng  |e AACR 
082 0 0 |a 362.1 MET 
245 0 0 |a Methods for the economic evaluation of health care programmes /  |c Michael F. Drummond Mark J. Sculpher, George W. Torrance, Bernie J.O'Brien and Greg L. Stoddart. 
250 |a 3rd ed. 
260 |a Oxford ;  |b Oxford University Press,  |c c2005. 
300 |a 379 p. :  |b ill. ;  |c 24 cm. 
440 0 |a Oxford medical publications 
500 |a Previous ed. entered under: Drummond, M.F. 
504 |a Includes bibliographical references and index. 
546 |a eng. 
650 0 |a Medical care 
650 0 |a Medical care, Cost of 
700 1 |a Drummond, Michael.  
700 1 |a O'Brien J. Bernie  
700 1 |a  Stoddart L. Greg  
700 1 |a Torrance George, W.  
700 1 |a Sculpher, J. Mark  
942 |c BK 
999 |c 2129  |d 2129